I 15 paesi più sicuri al mondo - Statistics

Statistiche generali
  • Questo quiz è stato fatto 239 volte
  • Il punteggio medio è 6 su 15
Statistiche sulle risposte
Numero Paese % Corretto
12 Finlandia
78%
10 Svizzera
77%
13 Islanda
75%
5 Giappone
67%
14 Austria
59%
11 estonia
43%
3 Emirati Arabi Uniti
33%
8 Slovenia
33%
1 Qatar
32%
15 Croazia
27%
2 Taiwan
24%
7 Oman
23%
9 Armenia
9%
4 Georgia
7%
6 Hong Kong
3%
Nessun quiz corrispondente trovato
Distribuzione punteggi
Percentuale di utenti per punteggio
Percentile per numero di risposta
I tuoi punteggi nel tempo
Non hai fatto questo quiz